Biggest City by Country (South America) Quiz Stats

 Plays Quiz Updated Jan 5, 2018

Challenge
Share
Tweet
Embed
Score 0/12 Timer 03:00
33 Plays Today
Question Answer Wrong Answers
Argentina Buenos Aires
95.5%
Córdoba
1%
Rosario
0.6%
Mendoza
0.5%
Chile Santiago
95.2%
Puente Alto
1%
Antofagasta
0.7%
Viña del Mar
0.7%
Peru Lima
95.1%
Arequipa
1%
Callao
0.7%
Trujillo
1%
Uruguay Montevideo
91.1%
Salto
2.3%
Paysandú
1.3%
Las Piedras
3%
Paraguay Asunción
85.6%
Ciudad del Este
3.1%
San Lorenzo
6.4%
Capiatá
2.7%
Colombia Bogotá
84.9%
Santiago de Cali
1.9%
Medellín
9.3%
Barranquilla
1.6%
Suriname Paramaribo
84.6%
Lelydorp
3.8%
Brokopondo
5.6%
Nieuw Nickerie
3.6%
Brazil São Paulo
59.4%
Brasília
5.1%
Rio de Janeiro
32.9%
Salvador
0.5%
Ecuador Guayaquil
28.3%
Quito
64.5%
Cuenca
2.6%
Machala
2.5%
Bolivia Santa Cruz
22.1%
Cochabamba
1.8%
La Paz
64.3%
Sucre
9.6%
Venezuela Maracaibo
8.2%
Caracas
85.8%
Maracay
1.2%
Valencia
2.7%
Guyana Linden
7.3%
Georgetown
81%
New Amsterdam
6.8%
Anna Regina
2.7%

You're not logged in!

Compare scores with friends on all Sporcle quizzes.
Join for Free
OR
Log In

You Might Also Like...

Show Comments

Extras

Top Quizzes Today


Score Distribution

Your Account Isn't Verified!

In order to create a playlist on Sporcle, you need to verify the email address you used during registration. Go to your Sporcle Settings to finish the process.

Report this User

Report this user for behavior that violates our Community Guidelines.

Details: